LEADER 00978nam0 2200325 450 001 9910341242703321 005 20191023105620.0 010 $a978-88-06-24149-0 100 $a20191023d2019----km y0itay50 ba 101 1 $aita$ceng 102 $aIT 105 $a 001yy 200 1 $a<>rischi della percezione$eperché ci sbagliamo su quasi tutto$fBobby Duffy$gtraduzione di Francesca Pe' 205 $ftraduzione di Francesca Pe' 210 $aTorino$cEinaudi$d2019 215 $aXXIII, 228 p.$d21 cm 225 1 $aPassaggi 454 0$12001$a<>perils of perception$91565397 610 0 $aConoscenza$aAspetti sociali 610 0 $aRealtà$aPercezione 676 $a306.42$v22$zita 676 $a302.2$v22$zita 700 1$aDuffy,$bBobby$0768460 801 0$aIT$bUNINA$gREICAT$2UNIMARC 901 $aBK 912 $a9910341242703321 952 $a306.42 duf 1$b6681$fBFS 959 $aBFS 996 $aPerils of perception$91565397 997 $aUNINA LEADER 01236oam 2200397zu 450 001 9911020215503321 005 20210807004647.0 010 $a1-118-66900-2 035 $a(CKB)3450000000004369 035 $a(SSID)ssj0000726645 035 $a(PQKBManifestationID)11466025 035 $a(PQKBTitleCode)TC0000726645 035 $a(PQKBWorkID)10674398 035 $a(PQKB)11598226 035 $a(PPN)178620262 035 $a(EXLCZ)993450000000004369 100 $a20160829d2000 uy 101 0 $aeng 181 $ctxt 182 $cc 183 $acr 200 00$aMagnetospheric current systems 210 31$a[Place of publication not identified]$cAmerican Geophysical Union$d2000 225 0 $aGeophysical monograph Magnetospheric current systems 300 $aBibliographic Level Mode of Issuance: Monograph 311 $a0-87590-976-0 606 $aMagnetospheric currents$vCongresses 615 0$aMagnetospheric currents 676 $a538/.76 702 $aOhtani$b Shin-ichi 712 12$aAGU Chapman Conference on Magnetospheric Current Systems$f(1999 :$eKona, Hawaii) 801 0$bPQKB 906 $aBOOK 912 $a9911020215503321 996 $aMagnetospheric current systems$92180716 997 $aUNINA